| 000 | 01081nam0a22002771 4500 | ||
|---|---|---|---|
| 001 | rc\4996510 | ||
| 005 | 20260407111358.0 | ||
| 021 |
_aRU _b61-23279 |
||
| 021 |
_aRU _bРг4704 |
||
| 035 | _a(NLR Aleph) 008974442 | ||
| 090 |
_a9145645 _c9145645 |
||
| 100 | _a20130430g19601961|||y0rusy50 ca | ||
| 101 | 0 | _arus | |
| 102 | _aRU | ||
| 105 | _aa b ||||| | ||
| 200 | 1 |
_aСтанок для намотки тороидальных катушек _eТип СНТ-5М _eПаспорт, техн. описание и руководство по эксплуатации _fГос. ком. Совета Министров СССР по радиоэлектронике |
|
| 210 |
_a[Москва] _cБ. и. _d1960 [Вып. дан. 1961] |
||
| 215 |
_a44 с., 2 л. схем. _cчерт. |
||
| 300 | _aНа обл. загл.: СНТ-5М | ||
| 512 | 0 | _aСНТ-5М | |
| 712 | 0 | 1 |
_aСССР _bКомитет по радиоэлектронике _3RU\NLR\AUTH\889939147 _9373175 |
| 801 | 0 |
_aRU _bNLR _gpsbo |
|
| 801 | 1 |
_aRU _bELAR _2rusmarc |
|
| 852 |
_aNLR _j61-6/3711 |
||
| 942 | _cBOOK | ||
| 980 | _aNB | ||